【乃木坂的フラクタル】配信番組「矢久保の部屋」のゲスト(祝卒業) - Statistics

General Stats
  • This quiz has been taken 4 times
  • The average score is 26 of 42
Answer Stats
主な特別企画 答え 備考 % Correct
第2回 矢久保的!乃木坂46 メンバーキャラ解説 柴田柚菜
75%
第3回 祝・もうすぐ一周年! 乃木フラクイズバトル 賀喜遥香
75%
第5回 〇〇と一つになりたい!〇〇&矢久保シンクロニシティチェック 遠藤さくら
75%
第6回 〇〇さんに聞きたいこと今のうちに全部聞こう 樋口日奈
75%
第7回 〇〇さんに少しでも矢久保のことを知ってほしい 矢久保のことクイズ 鈴木絢音
75%
第8回 乃木坂と矢久保と〇〇で2022年を振り返ろう 林瑠奈
75%
第9回 後輩が聞いておきたい 〇〇さんへ15個ぐらいの質問 秋元真夏
75%
第10回 CM共演で息もぴったり⁉ 矢久保〇〇バレンタインプレゼントチャレンジ 井上和
75%
第13回 祝・矢久保の部屋一周年 矢久保の部屋名場面大賞 松尾美佑
75%
第14回 矢久保はキャプテンのことをわかっているのか⁉ クイズ〇〇 梅澤美波
75%
第18回 先輩の思いを見抜けるか⁉ 矢久保ビンゴ 岩本蓮加
75%
第23回 噂の〇〇会を徹底解明しよう 黒見明香 珠美の部屋
75%
第25回 乃木坂好き2TOPが勝手に決める 乃木坂あれこれ2TOP 久保史緒里
75%
第28回 ドンくさなだけじゃない! 〇〇変な奴疑惑検証 中西アルノ
75%
第34回 〇〇は本当に正せるのか⁉ 一斉調査 佐藤楓
75%
第38回 矢久保の部屋3周年クイズ 黒見明香 第23回にも出演
75%
第38回 矢久保の部屋3周年クイズ 松尾美佑 第13回にも出演
75%
第40回 真の乃木坂好きはどっちだ⁉ 乃木坂メンバークイズ 川端晃菜
75%
第41回 6期生に聞いた 〇〇徹底解明 大越ひなの
75%
第42回 加入半年 〇〇の本音を聞いてみよう!乃木坂ってどう? 増田三莉音
75%
第43回 答えが合ったらご褒美ゲット⁉︎ 6期生のイメージ合わせましょう 愛宕心響 五十音順に回答
75%
第43回 答えが合ったらご褒美ゲット⁉︎ 6期生のイメージ合わせましょう 矢田萌華 五十音順に回答
75%
第12回 天のお告げで本性がわかる タレコみくじ 菅原咲月
50%
第16回 〇〇クイズ 奥田いろは
50%
第17回 いまさら聞きたいことBEST5 伊藤理々杏
50%
第19回 〇〇のエピソード裁判 弓木奈於
50%
第20回 これで絶対仲良くなれる! 〇〇取扱説明書 与田祐希
50%
第21回 ミステリアス〇〇クイズ 筒井あやめ
50%
第22回 五期生〇〇のスポーツ以外ポンコツ?検証 川﨑桜
50%
第24回 親子愛でぴったり合わせましょう 吉田綾乃クリスティー
50%
第26回 五期生アンケートクイズ 小川彩
50%
第27回 矢久保が驚いた コミュ力爆発女 〇〇の人間関係を覗いてみよう 岡本姫奈
50%
第29回 みんな1位は認めません! 〇〇的乃木坂メンバーランキング 一ノ瀬美空
50%
第30回 ここが凄いよアンダーライブ 向井葉月
50%
第31回 今夜発表! 〇〇の個人的流行大賞2024 金川紗耶
50%
第32回 クリスマス直前! 正解するほどプレゼントが豪華に⁉ 〇〇クイズ 冨里奈央
50%
第33回 2025年版 超個人的プロフィールをアップデートしちゃおう 中村麗乃
50%
第35回 矢久保も知らない 〇〇一斉調査 田村真佑
50%
第36回 もっと知りたい 〇〇クイズ 佐藤璃果
50%
第37回 未知の後輩〇〇 完全攻略法 池田瑛紗
50%
第44回 ファンの皆さんが選んだ、矢久保の部屋名場面 ベスト5 鈴木佑捺 最終回
50%
第15回 NGなし! 〇〇に聞いてみた 五百城茉央
25%
No matching quizzes found
Score Distribution
Percent of People with Each Score
Percentile by Number Answered
Your Score History
You have not taken this quiz